Normal view
MARC view
Entry Topical Term
001 - CONTROL NUMBER
- control field: 48650
003 - CONTROL NUMBER IDENTIFIER
- control field: ARRUPE
005 - DATE AND TIME OF LATEST TRANSACTION
- control field: 20191113153320.0
008 - FIXED-LENGTH DATA ELEMENTS
- fixed length control field: 191113|| aca||aabn | a|a d
040 ## - CATALOGING SOURCE
- Original cataloging agency: ARRUPE
- Transcribing agency: ARRUPE
150 ## - HEADING--TOPICAL TERM
- Topical term or geographic name as entry element: Regional economic disparities
- General subdivision: History economic devlpment
- General subdivision: Social aspects
670 ## - SOURCE DATA FOUND
- Source citation: Work cat.: (ARRUPE): Landes, David S. 45247, The wealth and poverty of nations:, 1999.